| 000 | 01553cab a2200493 4500 | ||
|---|---|---|---|
| 001 | ABS47024 | ||
| 008 | 090401t1992 xxu||||| |||| 00| 0 eng d | ||
| 035 | _a(Sirsi) u60447 | ||
| 041 | _aeng | ||
| 100 | _aTurner, M. | ||
| 245 | _aNon-destructive testing of concrete | ||
| 260 | _c1992 | ||
| 350 | _a0 | ||
| 490 |
_aCS Monthly _bthe Building Surveyor _v2(1) September 1992, 10-11(2) |
||
| 520 | _aReviews the range of techniques employed in on-site testing of concrete for condition and durability. The purposes of such inspection are identified and the methods listed. | ||
| 650 | _aBOROSCOPES | ||
| 650 | _aBRE PERMEABILITY TEST | ||
| 650 | _aBRE SCREED TESTER | ||
| 650 | _aCONCRETE RESISTIVITY | ||
| 650 | _aCONCRETE SURFACE POTENTIAL | ||
| 650 | _aCOVER METERS | ||
| 650 | _aCRACK MEASUREMENT | ||
| 650 | _aGAMMA RADIOGRAPHY | ||
| 650 | _aINFRA RED THERMOGRAPHY | ||
| 650 | _aINITIAL SURFACE ABSORPTION | ||
| 650 | _aINTERNAL FRACTURE TEST | ||
| 650 | _aLOAD TESTING | ||
| 650 | _aMETAL DETECTORS | ||
| 650 | _aMICROWAVE TRANSMISSION | ||
| 650 | _aMOISTURE METERS | ||
| 650 | _aNON-DESTRUCTIVE TESTING | ||
| 650 | _aPHENOLPHTHALEIN | ||
| 650 | _aPILE INTEGRITY TESTING | ||
| 650 | _aPULL-OUT TEST | ||
| 650 | _aPULSE ECHO TECHNIQUES | ||
| 650 | _aPUSH-OFF TEST | ||
| 650 | _aSCHMIDT HAMMER | ||
| 650 | _aULTRASONIC PULSE VELOCITY MEASUREMENT | ||
| 650 | _aWINDSOR PROBE | ||
| 650 | _aX-RAY RADIOGRAPHY | ||
| 690 | _aBUILT ENVIRONMENT-BUILDING MATERIALS | ||
| 942 | _n0 | ||
| 948 | _c04/03/1997 | ||
| 999 |
_c37282 _d37282 |
||